Statistics for Cities in the song "Autostop"

Click here to take the quiz!

General Stats

  • This quiz has been taken 5 times
  • The average score is 8 of 10

Answer Stats

Cities% Correct
Paris
100%
London
100%
Stockholm
100%
Madrid
100%
Rome
100%
Peking
75%
Berlin
75%
Athens
50%
Vladivostok
50%
Cairo
50%

Score Distribution

Percentile by Number Answered

Percent of People with Each Score

Your Score History

You have not taken this quiz